El Régimen Jesuítico de la antigua California (Record no. 110555)

MARC details
000 -LEADER
fixed length control field 00849nam a2200217 4500
005 - DATE AND TIME OF LATEST TRANSACTION
control field 20151210144940.0
008 - FIXED-LENGTH DATA ELEMENTS--GENERAL INFORMATION
fixed length control field 151210b mx ||||| |||| 00| 0 spa d
020 ## - INTERNATIONAL STANDARD BOOK NUMBER
International Standard Book Number 9703211666
050 04 - LIBRARY OF CONGRESS CALL NUMBER
Classification number F1246
Item number R56 2003
100 1# - MAIN ENTRY--PERSONAL NAME
Personal name Del Río Ignacio,
245 13 - TITLE STATEMENT
Title El Régimen Jesuítico de la antigua California
Statement of responsibility, etc / Ignacio del Río
250 ## - EDITION STATEMENT
Edition statement 1a ed.
260 ## - PUBLICATION, DISTRIBUTION, ETC. (IMPRINT)
Place of publication, distribution, etc México, D.F. :
Name of publisher, distributor, etc Universidad Autónoma de México, Instituto de Investigaciones Históricas,
Date of publication, distribution, etc 2003.
300 ## - PHYSICAL DESCRIPTION
Extent 247 p. ;
Dimensions 23 cm.
490 ## - SERIES STATEMENT
Series statement Serie Historia Novohispana
Volume number/sequential designation / 69
504 ## - BIBLIOGRAPHY, ETC. NOTE
Bibliography, etc Incluye bibliografía e índice
650 #7 - SUBJECT ADDED ENTRY--TOPICAL TERM
Source of heading or term LEMB
Topical term or geographic name as entry element Jesuitas
General subdivision Historia
Geographic subdivision México, Baja California, Península
650 #7 - SUBJECT ADDED ENTRY--TOPICAL TERM
Source of heading or term LEMB
Topical term or geographic name as entry element Jesuitas
General subdivision Misiones
Geographic subdivision Baja California, Península, México
651 #7 - SUBJECT ADDED ENTRY--GEOGRAPHIC NAME
Source of heading or term LEMB
Geographic name Baja California, Península
General subdivision Historia
Geographic subdivision México
942 ## - ADDED ENTRY ELEMENTS (KOHA)
Source of classification or shelving scheme Biblioteca del Cogreso de los Estados Unidos
Koha item type Libro
Holdings
Estado de pérdida Fuente de clasificación Estado del daño No para préstamo Ubicación permanente Ubicación actual Apartado o colección Fecha de adquisición Edición Dependencia de educación superior (DES) Área del conocimiento Clasificación Código de Barras Date last seen Número de copia Tipo de recurso Nota pública
  Biblioteca del Cogreso de los Estados Unidos     Biblioteca del Instituto de Investigaciones Históricas Biblioteca del Instituto de Investigaciones Históricas General 10/12/2015 1a ed. Humanidades Educación y Humanidades F1246 R56 2003 IIH000014512 10/12/2015 C:1 Libro GENERAL